| 000 -ლიდერი |
| ფიქსირებული სიგრძის საკონტროლო ველი |
01259nam a2200217Ia 4500 |
| 001 - საკონტროლო ნომერი |
| საკონტროლო ველი |
4307 |
| 003 - საკონტროლო ნომრის იდენტიფიკატორი |
| საკონტროლო ველი |
GE_BSU |
| 005 - ბოლო ოპერაციის თარიღი და დრო |
| საკონტროლო ველი |
20191010150250.0 |
| 008 - ფიქსირებული სიგრძის მონაცემთა ელემენტები - ზოგადი ინფორმაცია |
| ფიქსირებული სიგრძის საკონტროლო ველი |
181216s1962||||ge |||||||||||||| ||geo|| |
| 040 ## - კატალოგიზაციის წყარო |
| Transcribing agency |
GE_BSU |
| 041 ## - ენის კოდი |
| Language code of text/sound track or separate title |
geo |
| 080 ## - უნივერსალური ათობითი კლასიფიკაციის ინდექსი |
| Universal Decimal Classification number |
391(479.22)+687.4(479.22)(09) ჯ-14 |
| 100 ## - მთავარი ჩანაწერი - პიროვნების სახელი |
| Personal name |
ჯავახიშვილი, ივანე |
| 9 (RLIN) |
4676 |
| 245 ## - ცნობა სათაურის შესახებ |
| Title |
მასალები ქართველი ერის მატერიალური კულტურის ისტორიისათვის : |
| Remainder of title |
ნაკვ. 3. ტანისამოსი, ქსოვილები და ხელსაქმე, ნაკვ. 4. საომარი საჭურველი და სამხედრო საქმე / |
| Statement of responsibility, etc |
რედ. გ. ჩიტაია. |
| 264 ## - წარმოების, გამოცემის, დისტრიბუციის და სხვა ცნობები |
| გამოცემის, წარმოების, დისტრიბუციის... ადგილი |
თბილისი : |
| გამოცემის, წარმოების, დისტრიბუციის... სახელწოდება |
საქ. სსრ მეცნ. აკად. გამ-ბა, |
| გამოცემის, წარმოების, დისტრიბუციის... თარიღი |
1962. |
| 300 ## - ფიზიკური აღწერა |
| Extent |
316. : |
| Other physical details |
ტაბ. ; |
| Dimensions |
22 სმ. |
| 546 ## - LANGUAGE NOTE |
| Language note |
პარალ. თავფურც. რუს. ენ. |
| 653 ## - INDEX TERM--UNCONTROLLED |
| Uncontrolled term |
საქართველოს მატერიალური კულტურის ისტორია; |
| 700 ## - ADDED ENTRY--PERSONAL NAME |
| Personal name |
ჩიტაია, გ. |
| Relator term |
რედაქტორი |
| 9 (RLIN) |
4677 |
| 942 ## - ADDED ENTRY ELEMENTS (KOHA) |
| Koha item type |
წიგნი |
| Source of classification or shelving scheme |
|